000 00920cab a2200217 4500
001 WB3513-60
008 090401t1999 xxu||||| |||| 00| 0 eng d
035 _a(Sirsi) u92601
041 _aeng
245 _aTough targets for the planning inspectorate
260 _c1999
350 _a0
490 _aDETR News Release
_v(349) 31 March 1999 (3)
520 _aThe government has set 1999/2000 targets for the Planning Inspectorate, in line with its 'Modernising Planning' commitment. The targets cover: timeliness, finance, efficiency, quality, and information & guidance. Targets for timeliness will be stricter in 2001/2002, to meet the Public Services Agreement for the DETR, with interim targets for 2000/2001 to be confirmed.
650 _aPERFORMANCE TARGETS
650 _aPLANNING APPEALS
650 _aPLANNING INSPECTORATE
690 _aPLANNING LAW AND PRACTICE
942 _n0
948 _c07/04/1999
999 _c58687
_d58687